|
|
|
|
| LEADER |
00000nam0a2200000 4500 |
| 001 |
379163 |
| 005 |
20231102013052.0 |
| 035 |
|
|
|a (RuTPU)RU\TPU\retro\36625
|
| 090 |
|
|
|a 379163
|
| 100 |
|
|
|a 20230705d1979 km y0rusy50 ca
|
| 101 |
0 |
|
|a rus
|
| 102 |
|
|
|a RU
|
| 105 |
|
|
|a a z 001zy
|
| 200 |
1 |
|
|a Микроэлементы систем управления с распределенными параметрами различной физической природы
|f И. Ю. Петрова
|g Академия наук СССР, Башкирский филиал, Отдел физики и математики
|
| 210 |
|
|
|a Москва
|c Наука
|d 1979
|
| 215 |
|
|
|a 111 с.
|c ил.
|
| 320 |
|
|
|a Библиогр.: с. 105-108
|
| 606 |
1 |
|
|a Автоматические системы управления
|x С распределенными параметрами
|2 stltpush
|3 (RuTPU)RU\TPU\subj\901
|9 29707
|
| 610 |
1 |
|
|a микроэлементы
|
| 610 |
1 |
|
|a построение
|
| 610 |
1 |
|
|a расчет
|
| 610 |
1 |
|
|a надежность
|
| 610 |
1 |
|
|a оценка
|
| 610 |
1 |
|
|a физико-статистические методы
|
| 675 |
|
|
|a 681.516.7
|v 4
|
| 700 |
|
1 |
|a Петрова
|b И. Ю.
|g Ирина Юрьевна
|
| 712 |
0 |
2 |
|a Академия наук СССР
|b Башкирский филиал
|b Отдел физики и математики
|2 stltpush
|3 (RuTPU)RU\TPU\col\11268
|9 25005
|
| 801 |
|
1 |
|a RU
|b 63413507
|c 20230705
|
| 942 |
|
|
|c BK
|